000 00759nam a22003010a 4500
001 PT28352
003 AR-LpoUNG
005 20210131233426.0
008 191001s2003||||sp |||||||||||||||||spa d
020 _a8497646444
_c$14,50
040 _aAR-LpoUNG
_bspa
_cAR-LpoUNG
_eaacr
041 _aspa
044 _asp
082 0 _aR938 82atl
100 1 _aKonstam, Angus
245 1 0 _aAtlas histórico de la Antigua Grecia
260 _aMadrid :
_bEdimat,
_c2003.
300 _a192 p. :
_bil., mapas
650 4 _aATLAS
650 4 _aGRECIA
650 4 _aHISTORIA
650 4 _aHISTORIA POLITICA
650 4 _aHISTORIA SOCIAL
651 4 _aDOCUMENTOS TEORICOS O METODOLOGICOS
653 _aHISTORIA ANTIGUA
905 _a28352
942 _cLSALA
999 _c20558
_d20558